| 000 | 00843nam a2200229 a 4500 | ||
|---|---|---|---|
| 001 | 22843 | ||
| 003 | BD-RjUL | ||
| 005 | 20211209000848.0 | ||
| 008 | 500101r19331933enk 000 0 eng d | ||
| 035 | _a(BD-RjUL)22908 | ||
| 040 |
_aDLC _cDLC _dEQO _dBD-RjUL _beng |
||
| 041 | _aeng | ||
| 082 |
_a290 _223 _bORI 1933 |
||
| 245 | 0 | 0 |
_aThe Oriental caravan; _ba revelation of the soul and mind of Asia / _cedited by Sirdar Ikbal Ali Shah |
| 260 |
_aLondon : _bD. Archer, _c1933 |
||
| 300 |
_a331 p. _c22 cm |
||
| 500 | _a"First published, 1933." | ||
| 505 | 0 | _aReligious literature.--Philosophical, mystical and semi religious literature.--Romantic literature.--National literature, essays, war songs, and miscellaneous | |
| 650 | 0 |
_aOriental literature _xTranslations into English _9222985 |
|
| 650 | 0 |
_aSacred books. _9222986 |
|
| 942 |
_2ddc _cRAR |
||
| 999 |
_c22843 _d22843 |
||